00723 2200289 4500001002100000005001500021035002000036245004800056100001900104250000600123300003400129260003800163082001000201084001600211020001800227650001800245990001700263990001700280990001700297990001700314990001700331990001700348990001700365990001700382990001700399990001700416INLIS00000000000059820190117123953 a0010-01190000541 aResep Aneka Olahan Daging /cRike Agustiana0 aRike Agustiana a- ax, 82 hlm. :bilus. ;c21 cm. aBandung :bCV Wahana IPTEK,c2008 a640.4 a640.4 RIK r a602-8134-22-4 aResep Masakan a02188/H/2018 a02189/H/2018 a02190/H/2018 a02191/H/2018 a02749/H/2018 a02749/H/2018 a02188/H/2018 a02189/H/2018 a02190/H/2018 a02191/H/2018